00923nam a2200217Ia 4500003000900000008004100009020001800050040001600068080002400084111013200108245023100240260003800471300002300509650004100532650002000573650002500593650001900618700002100637700002300658700002400681IN-BaIIA211028s9999 xx 000 0 eng d a981-02-1792-7 cIIA Library a530.145(082.1)bCOH aInternational Symposium on Coherent States, Past, Present and FuturecOak Ridge National Laboratory, Tennesseed1993 June 14-17 0aCoherent statesbproceedings of the international Symposium on coherent states, past, present and future, held in Oak Ridge National Laboratory, Tennessee, USA, 14-17 June1993cedited by D H Feng, J R Klauder and M R Strayer aSingaporebWorld Scientificc1994 a[various pagings.] aAstronomy and Astrophysics thesaurus aCoherent states aQuantum field theory aWave Mechanics aFeng, D. H., ed. aKlauder, J. R.,ed. aStrayer, M. R., ed.